000 00868nam0a22002771 4500
001 v19\rc\1887149
005 20251118180347.9
035 _a(NLR Aleph) 004975420
090 _a6129052
_c6129052
100 _a20080221d1910 u y0rusy50 ca
101 1 _arus
_ceng
102 _aRU
105 _aa z |||||
200 1 _aЛичный магнетизм
_eПер. с англ.
_fСоч. Виктора Торнболь
205 _a4-е изд.
210 _aСаратов
_cНауч.-психол. кн-во в Москве
_d1910
215 _aVIII, 46 с.
_cил.
_d20
300 _aНа обл. авт. не указан
700 1 _aТорнболь
_bВ.
_gВиктор
801 0 _aRU
_bNLR
_gpsbo
801 0 _aRU
_bRuMoRGB
_2psbo
801 1 _aRU
_bProSoft-M
_2rusmarc
852 _aNLR
_j72-4/14638
899 _aRuMoRGB
_jP 108/202
942 _cBOOK
980 _aNB